Józef Łoś o polszczyźnie poznańskiej

Titel: Józef Łoś o polszczyźnie poznańskiej : Kartka z dziewiętnastowiecznych dziejów języka w Wielkopolsce
Verfasser:
In: Studia z historii języka polskiego i stylistyki historycznej ofiarowane profesor Halinie Wiśniewskiej na 50-lecie jej pracy naukowo-dydaktycznej, (2001), Seite 231-240
alle Artikel anzeigen
Veröffentlicht: 2001
Format: Aufsatz
Sprache: Polnisch
Kein Bild verfügbar
X
alg: 39260960
001A    $01999:11-11-16 
001B    $01999:21-05-21 $t16:52:15.000 
001D    $01999:11-11-16 
001U    $0utf8 
001X    $00 
002@    $0Aox 
003@    $0392609606 
007A    $0392609606 $aHEB 
007T    $0Herd52468 
010@    $apol 
011@    $a2001 
021A    $aJózef Łoś o polszczyźnie poznańskiej $dKartka z dziewiętnastowiecznych dziejów języka w Wielkopolsce 
027A    $aJózef Łoś über das Posener Polnisch. Eine Notiz zur neunhundertjährigen Sprachgeschichte in Großpolen 
028A    $aWalczak $dBogdan 
031A    $h231-240 $j2001 
039B    $aIn $8--Aax--. Studia z historii języka polskiego i stylistyki historycznej ofiarowane profesor Halinie Wiśniewskiej na 50-lecie jej pracy naukowo-dydaktycznej. - Lublin : Wydaw. Uniw. M. Curie-Skłodowskiej, 2001. - 268 s., tabl. 1 $x200100000000000769 $9395540941 
045F    $a417.709438 $eDDC23BSB 
045F/01 $a417.7 
045F/03 $g438 
045F/03 $g43849 
046C    $aJózef Łoś über das Posener Polnisch. Eine Notiz zur neunhundertjährigen Sprachgeschichte in Großpolen $bÜbers. des Hauptsacht. 

lok: 39260960 78

exp: 39260960 78 1 #EPN
201B/01 $020-11-17 $t23:26:20.000 
201U/01 $0utf8 
203@/01 $0788708082 
208@/01 $a11-11-16 $be 
209A/01 $a/ $f000 $x00 
220C/01 $aTitelaufnehmer: cs 
244Z/01 $2Trx $#Großpolen $#Greater Poland $#Velkopolsko $8--Trx--Wielkopolska $x01 $9391277227 
244Z/01 $2Trx $#Poola $#Lenkija $#Polija $#Polen Land $#Poland $#Lengyelország $#Poľsko $#Polsko $8--Trx--Polska$gkraj $x02 $9391345966 
244Z/01 $#Posen $#Posen $#Posnania $#Posna $#Pozniań $#Miasto Stołeczne Poznań $#Stołeczne Miasto Poznań $#Poznań $74046868-9 $8--Tg1--Posen $x03 $9085130834 
244Z/01 $aGeschichte 1800-1900 $x04 
244Z/01 $2Trx $8--Trx--Łoś, Józef$Z1811-1885 $x05 $939084487X 
244Z/01 $2Trx $#keel, poola $#kalba, lenkų $#Language, Polish $#nyelv, lengyel $#język polski $#jazyk poľský $#jazyk polský $8--Trx--Sprache, polnische $x06 $9391356968 
244Z/01 $2Trx $8--Trx--Einzelbeiträge $x07 $9391384570 
245Z/01 $a11.07 $x01 
247C/01 $82080>Marburg/Lahn, Herder-Institut, Forschungsbibliothek, Bibliographieportal $9336309341
LEADER 00000caa a22000002c 4500
001 392609606
003 DE-603
005 20210521165215.0
007 tu
008 161111s2001 xx |||| | u00||u|pol c
035 |a (DE-599)HEB392609606 
040 |a DE-603  |b ger  |c DE-603  |d DE-603 
041 |a pol 
082 0 4 |8 1\u  |a 417.709438  |q DE-101  |2 23/BSB 
085 |8 1\u  |b 417.7 
085 |8 1\u  |z 2  |s 438 
085 |8 1\u  |z 2  |s 43849 
100 1 |a Walczak, Bogdan 
245 0 0 |a Józef Łoś o polszczyźnie poznańskiej  |b Kartka z dziewiętnastowiecznych dziejów języka w Wielkopolsce 
246 1 |i Übers. des Hauptsacht.  |a Józef Łoś über das Posener Polnisch. Eine Notiz zur neunhundertjährigen Sprachgeschichte in Großpolen 
246 1 3 |a Józef Łoś über das Posener Polnisch. Eine Notiz zur neunhundertjährigen Sprachgeschichte in Großpolen 
264 0 |c 2001 
773 0 8 |i In  |t Studia z historii języka polskiego i stylistyki historycznej ofiarowane profesor Halinie Wiśniewskiej na 50-lecie jej pracy naukowo-dydaktycznej  |d Lublin : Wydaw. Uniw. M. Curie-Skłodowskiej, 2001  |h 268 s., tabl. 1  |g (2001), Seite 231-240  |w (DE-603)395540941 
924 0 |9 2080  |a (DE-603)788708082  |b DE-2080  |c HES  |d d  |g /